000 01756nam0a2200349 i 4500
001 RU\NLR\BIBL_A\010416574
005 20240921200958.0
010 _a9785774305896
_9500
021 _aRU
_b2014-37090
_92259
035 _a(NILC)RuMoRGB-007491033
035 _a(NLR Aleph) 010416574
090 _a9793384
_c9793384
100 _a20140716d2013 k y0rusy50 ca
101 0 _arus
102 _aRU
105 _ay|||z||||00yy
200 1 _aРесоциализация несовершеннолетних женского пола, осужденных к лишению свободы
_eмонография
_fТ. Н. Радочина, И. Е. Прысь
_gФедеральная служба исполн. наказаний, Акад. права и упр.
210 _aРязань
_cредакционно-издательский отдел Академии ФСИН России
_d2013
215 _a147, [1] с.
_d20
320 _aБиблиогр. в подстроч. примеч.
606 1 _aНесовершеннолетние, отбывающие наказание
_xРесоциализация
_92329263
_3RU\NLR\AUTH\661392987
606 1 _aЖенщины-осужденные
_xРесоциализация
_yРоссийская Федерация
_92091405
_3RU\NLR\AUTH\661569378
610 0 _aресоциализация несовершеннолетних осужденных женского пола
686 1 _aХ628.414
686 1 _aС550.325.2
700 1 _aРадочина
_bТ. Н.
_gТатьяна Николаевна
701 1 _aПрысь
_bИ. Е.
_gИрина Евгеньевна
801 0 _aRU
_bРГБ
_c20140516
_gRCR
942 _cBOOK
980 _aNBR